Christian social ethics for everyman / (Record no. 26265)

MARC details
000 -LEADER
fixed length control field 01251cam a2200301 a 4500
001 - CONTROL NUMBER
control field 2527853
005 - DATE AND TIME OF LATEST TRANSACTION
control field 20060224152511.0
008 - FIXED-LENGTH DATA ELEMENTS--GENERAL INFORMATION
fixed length control field 930203m19919999gh b 000 0 eng
010 ## - LIBRARY OF CONGRESS CONTROL NUMBER
LC control number 93111141
Canceled/invalid LC control number 94221420
-- 94218082
020 ## - INTERNATIONAL STANDARD BOOK NUMBER
International Standard Book Number 9964782039 (v. 1)
020 ## - INTERNATIONAL STANDARD BOOK NUMBER
International Standard Book Number 9964782063 (v. 2)
040 ## - CATALOGING SOURCE
Original cataloging agency DLC
Transcribing agency DLC
050 00 - LIBRARY OF CONGRESS CALL NUMBER
Classification number BR115.P7
Item number K83 1991
100 1# - MAIN ENTRY--PERSONAL NAME
Personal name Kudadjie, J. N.
Fuller form of name (Joshua N.)
245 10 - TITLE STATEMENT
Title Christian social ethics for everyman /
Statement of responsibility, etc J.N. Kudadjie and R.K. Aboagye-Mensah.
260 ## - PUBLICATION, DISTRIBUTION, ETC. (IMPRINT)
Place of publication, distribution, etc Accra [Ghana] :
Name of publisher, distributor, etc Asempa Publishers,
Date of publication, distribution, etc c1991-<c1992 >
300 ## - PHYSICAL DESCRIPTION
Extent v. <1-2 > ;
Dimensions 20 cm.
504 ## - BIBLIOGRAPHY, ETC. NOTE
Bibliography, etc Includes bibliographical references.
505 1# - FORMATTED CONTENTS NOTE
Formatted contents note v. 1. The Christian and national politics -- v. 2. The Christian and social conduct.
650 #0 - SUBJECT ADDED ENTRY--TOPICAL TERM
Topical term or geographic name as entry element Christianity and politics.
650 #0 - SUBJECT ADDED ENTRY--TOPICAL TERM
Topical term or geographic name as entry element Church and state.
650 #0 - SUBJECT ADDED ENTRY--TOPICAL TERM
Topical term or geographic name as entry element Christian life.
700 2# - ADDED ENTRY--PERSONAL NAME
Personal name Aboagye-Mensah, R. K.
Fuller form of name (Robert Kwasi)
906 ## - LOCAL DATA ELEMENT F, LDF (RLIN)
a 7
b cbc
c orignew
d 3
e ncip
f 19
g y-gencatlg
942 ## - ADDED ENTRY ELEMENTS (KOHA)
Source of classification or shelving scheme Library of Congress Classification
Item type Book
Holdings
Withdrawn status Lost status Source of classification or shelving scheme Damaged status Not for loan Collection code Home library Current library Shelving location Date acquired Total Checkouts Full call number Barcode Price effective from Koha item type
    Library of Congress Classification     Non-fiction Bishop Okullu Memorial Library (Limuru Campus) Bishop Okullu Memorial Library (Limuru Campus) General Circulation 15/12/2008   BR115 .P7 K83 1991 013083 15/12/2008 Book